000 02372cam a2200337 a 4500
003 EG-GiCUC
005 20250223030245.0
008 100727s2010 ua h f m 000 0 ara d
040 _aEG-GiCUC
_bara
_cEG-GiCUC
041 0 _aara
049 _aايداع
097 _aماجستير
099 _aCai01.25.01.M.Sc.2010.مح.ف
100 0 _aمحمد نصر الدين يونس سلامة
245 1 0 _aفاعلية تصميم الإعلان من خلال الكمبيوتر جرافيك وأثره على المتلقى =
_bEfficiency of designing advertisement through the computer graphics and its effectiveness on advertisement receiver /
_cمحمد نصر الدين يونس سلامة ؛ اشراف محمد حافظ الخولى : مديحة محمد على
246 1 5 _aEfficiency of designing advertisement through the computer graphics and its effectiveness on advertisement receiver
260 _aالقاهرة :
_bمحمد نصر الدين يونس سلامة :
_c2010
300 _a339ص :
_bمثيليات ؛
_c25سم
502 _aاطروحة (ماجستير) - جامعة القاهرة - كلية التربية النوعية - قسم التربية الفنية
520 _aمجال الإعلان من المجالات الهامة كوسيلة تواصل داخل المجتمع - ومنذ ظهور الإعلان حتى الآن شهد تطورا فى الشكل والمضمون لكونه وسيلة إتصال إعلامى هام وفعال داخل إطار المجتمع بين طرفى الإعلان (المعلن والملتقى) . ركز البحث على التفكير فى كيفية تفعيل العلاقة بين الإعلان والملتقى للرسالة الإعلانية من خلال وسيط حيوى وفعال فرض نفسه بأولوية كبيرة فى العصر الحالى وهو مجال الكمبيوتر جرافيك
530 _aصدر ايضا كقرص مدمج
653 4 _aمجال الإعلان
653 4 _aمجال التصميم الجرافيكى للإعلان
653 4 _aمجال الكمبيوتر جرافيك
700 0 _aمحمد حافظ الخولى :
_eمشرف
700 0 _aمديحة محمد على :
_eمشرف
856 _uhttp://172.23.153.220/th.pdf
905 _aFatma
_eCataloger
905 _aNazla
_eRevisor
942 _2ddc
_cTH
999 _c30941
_d30941